Detalles MARC
| 000 -ENCABEZADO |
| Número de control [NR] |
01537nam a2200301Ia 4500 |
| 005 - FECHA Y HORA DE LA ÚLTIMA TRANSACCIÓN |
| control field |
20140217111022.0 |
| 008 - DE LONGITUD FIJA DE DATOS DE ELEMENTOS - INFORMACIÓN GENERAL |
| Elementos de longitud fija [NR] |
130821s2002 xx a gs spa |
| 040 ## - FUENTE DE CATALOGACION [NR] |
| Agencia de catalogación original [NR] |
Co-BoUCM |
| Idioma de catalogación [NR] |
spa |
| 041 00 - CODIGO DE IDIOMA [R] |
| Código de idioma para texto/pista de sonido o título separado [R] |
Español |
| 092 ## - SIGNATURA TOPOGRAFICA LOCAL |
| Número de clasificación local |
DVD 0126 |
| 245 13 - MENCION DE TITULO [NR] |
| Título [NR] |
La tierra del sol |
| Mención de responsabilidad, etc. [NR] |
[DVD] |
| 246 13 - FORMA VARIANTE DEL TITULO [R] |
| Título propiamente dicho/forma breve del título [NR] |
La tierra prometida |
| 260 ## - PUBLICACION, DISTRIBUCION, ETC. (PIE DE IMPRENTA) [R] |
| Lugar de publicación, distribución, etc. [R] |
[Lugar desconocido] |
| Nombre del editor, distribuidor, etc. [R] |
Sony Pictures Classics |
| Fecha de publicación, distribución, etc. [R] |
2002 |
| 300 ## - DESCRIPCION FISICA [R] |
| Extensión [R] |
1 DVD |
| Otros detalles físicos [NR] |
son., color |
| 500 ## - NOTA GENERAL [R] |
| Nota general [NR] |
SINOPSIS : Desiree vuelve a su localidad natal, un pueblo de Florida, para intentar reconciliarse con su madre Eunice y algunos de sus amigos. Coincidiendo con las celebraciones del Día del Bucanero, Desiree solo encontrará la amistad de la dueña de un motel, Marly, otra mujer con heridas sentimentales por cicatrizar. |
| 508 ## - NOTA DE CREDITOS DE CREACION/PRODUCCION [R] |
| Nota de créditos de creación/producción [NR] |
CREDITOS : Dirección, John Sayles; Producción, Maggie Renzi; Fotografía, Patrick Cady; Musica, Mason Daring; Guionista, John Sayles |
| 511 ## - NOTA DE PARTICIPANTE O INTERPRETE [R] |
| Nota de participante o intérprete [NR] |
Perry Lang, Timothy Hutton, Alan King, Mary Alice, Sam McMurray, Bill Cobbs, Angela Bassett, Edith Falco, Jane Alexander, Clifton James, Ralph Waite, Mary Steenburgen |
| 546 ## - NOTA DE IDIOMA [R] |
| Nota de idioma [NR] |
Audio en Inglés. Subtítulos en Español, Inglés, Portugués, Chino, Coreano y Tailandés. |
| 650 04 - ASIENTO SECUNDARIO DE MATERIA - TERMINO TEMATICO [R] |
| Término temático o nombre geográfico como elemento de entrada [NR] |
Amor en el cine |
| Subdivisión de forma [R] |
DVD |
| 9 (RLIN) |
8920 |
| 650 04 - ASIENTO SECUNDARIO DE MATERIA - TERMINO TEMATICO [R] |
| Término temático o nombre geográfico como elemento de entrada [NR] |
Películas cinematográficas |
| Subdivisión de forma [R] |
DVD |
| 9 (RLIN) |
7903 |
| 650 04 - ASIENTO SECUNDARIO DE MATERIA - TERMINO TEMATICO [R] |
| Término temático o nombre geográfico como elemento de entrada [NR] |
Relaciones familiares |
| Subdivisión de forma [R] |
DVD |
| 9 (RLIN) |
8041 |
| 650 04 - ASIENTO SECUNDARIO DE MATERIA - TERMINO TEMATICO [R] |
| Término temático o nombre geográfico como elemento de entrada [NR] |
Sociología |
| 9 (RLIN) |
386 |
| 700 ## - ASIENTO SECUNDARIO - NOMBRE PERSONAL [R] |
| Nombre personal [NR] |
Sayles, John |
| Término de relación [R] |
|
| 710 ## - ASIENTO SECUNDARIO - NOMBRE CORPORATIVO [R] |
| Nombre corporativo o de jurisdicción como elemento de entrada [NR] |
Anarchists' Convention |
| 710 ## - ASIENTO SECUNDARIO - NOMBRE CORPORATIVO [R] |
| Nombre corporativo o de jurisdicción como elemento de entrada [NR] |
Sony Pictures Classics |
| 765 ## - ASIENTO DE IDIOMA ORIGINAL [R] |
| Asiento principal [NR] |
Sunshine state |
| 942 ## - ELEMENTOS DE ENTRADA AGREGADOS (KOHA) |
| Tipo de ítem principal el descrito en 300a |
Multimedia |
| Sistema de clasificación |
LOCAL |
| Tema principal |
Sociología |
| Edición |
1 |